Obrázky pre najmenších

Bibliographic Details
Other Authors: Barbetti, Yvette (Illustrator), Jankajová, Marta (Translator)
Format: Book
Language:Slovak
PhysicalDescription:128 s. fareb. ilustr. 23 cm
Published: Bratislava Mladé letá c1997
ISBN:8006007071
Subjects:

MARC

LEADER 00000nam a2200000 a 4500
001 vtls001322549
003 SK-MaSNL
005 20260301200237.0
008 240226s1997 xo a r slo
015 |a SNBA1998/06-02014 
020 |a 8006007071 
035 |a SNK000275229 
035 |a urn:nbn:sk:snk-amkhbu 
035 |a urn:nbn:sk:snk-am008fe0 
035 |a D7F8A838-2B4F-455C-9753-92BD6F400884 
040 |a SNK  |b slo  |c SNK  |e AACR2 
041 0 |a slo 
044 |a xo  |c SK 
080 |a 03(087.5)  |2 1981 
240 1 0 |a La nouvelle imagerie des enfants  |l Slovensky 
245 0 0 |a Obrázky pre najmenších  |c ilustrácie Yvette Barbettiová ... [et al.] ; [preklad Marta Jankajová] 
260 |a Bratislava  |b Mladé letá  |c c1997 
300 |a 128 s.  |b fareb. ilustr.  |c 23 cm 
500 |a Ilustr. na tit. strane a predsádkach 
500 |a Údaj o prekl. prevzatý z tiráže 
650 0 7 |a slovníky obrázkové  |2 SNK  |9 289795 
655 7 |a encyklopédie  |2 SNK  |9 28776 
700 1 |a Barbetti, Yvette  |4 ill  |9 42716 
700 1 |a Jankajová, Marta  |4 trl  |9 243541 
919 |a 80-06-00707-1 
958 |a TL 
958 |a OP 
958 |a NS 
958 |a FR 
958 |a DB 
968 |b FR 
999 |c 889656  |d 891586 
952 |t P60, <03>, [BOOK], {603}  |a SNK  |b SNK  |y PREZ  |7 0  |p 17A0125683  |o snkSC 95157  |i snkKSP 2128/98  |0 0  |1 0  |4 0  |d 1998-03-02  |f 1  |l 0  |r 2025-09-12 00:00:00  |w 2026-02-24 
952 |t P60, <04>, [BOOK], {604}  |a SNK  |b SNK  |y VYP  |7 0  |p 17A0125682  |o snkSC 95157 D1  |i snkKSP 2129/98  |0 0  |1 0  |4 0  |d 1998-03-02  |l 0  |r 2005-01-02 00:00:00  |w 2026-02-24